Xử lý ra hoa xoài cát hòa lộc và cát chu
Nội dung sách giới thiệu đặc điểm sinh học sự ra hoa và phát triển tái xoài cát hoà lộc, xoài cát chu. Yếu tố ảnh hưởng đén sự ra hoa, kỹ thuật xử lý ra hoa xoài cát hoà lộc, xoài cát chu. Cải thiện sự đậu trái và hạn chế sự rụng trái...
Guardat en:
| Autor principal: | |
|---|---|
| Format: | Llibre |
| Idioma: | Undetermined |
| Publicat: |
Thành phố Hồ Chí Minh
Nông Nghiệp
2013
|
| Matèries: | |
| Etiquetes: |
Afegir etiqueta
Sense etiquetes, Sigues el primer a etiquetar aquest registre!
|
| Thư viện lưu trữ: | Trung tâm Học liệu Trường Đại học Cần Thơ |
|---|
| LEADER | 01199nam a2200229Ia 4500 | ||
|---|---|---|---|
| 001 | CTU_186015 | ||
| 008 | 210402s9999 xx 000 0 und d | ||
| 020 | |c 60000 | ||
| 082 | |a 634.44 | ||
| 082 | |b H125 | ||
| 100 | |a Trần, Văn Hâu | ||
| 245 | 0 | |a Xử lý ra hoa xoài cát hòa lộc và cát chu | |
| 245 | 0 | |c Trần Văn Hâu (Chủ biên) | |
| 260 | |a Thành phố Hồ Chí Minh | ||
| 260 | |b Nông Nghiệp | ||
| 260 | |c 2013 | ||
| 520 | |a Nội dung sách giới thiệu đặc điểm sinh học sự ra hoa và phát triển tái xoài cát hoà lộc, xoài cát chu. Yếu tố ảnh hưởng đén sự ra hoa, kỹ thuật xử lý ra hoa xoài cát hoà lộc, xoài cát chu. Cải thiện sự đậu trái và hạn chế sự rụng trái non. Quy trình canh tác xoài cát hoà lộc và cát chu. | ||
| 526 | |a Xử lý ra hoa,Thâm cứu sự ra hoa,Kỹ thuật xử lý ra hoa cây ăn trái | ||
| 526 | |b NN401,NN947,NN724 | ||
| 650 | |a Paclobutrazol,Mango,Xoài | ||
| 910 | |a Nguyên | ||
| 980 | |a Trung tâm Học liệu Trường Đại học Cần Thơ | ||